Vista normal
Vista MARC
Entrada Personal Name
Número de registros utilizados en: 1
001 - CONTROL NUMBER
- control field: 1135
003 - CONTROL NUMBER IDENTIFIER
- control field: OSt
005 - DATE AND TIME OF LATEST TRANSACTION
- control field: 20180716120615.0
008 - FIXED-LENGTH DATA ELEMENTS
- fixed length control field: 151014 a|ac|n|aab||||||||||||a |n|||||||
010 ## - LIBRARY OF CONGRESS CONTROL NUMBER
- LC control number: 2010134792
040 ## - CATALOGING SOURCE
- Original cataloging agency: OSt
- Transcribing agency: OSt
100 1# - HEADING--PERSONAL NAME
- Personal name: Rivermar Pérez, María Leticia
375 ## - GENDER
- Gender: Femenino
377 ## - ASSOCIATED LANGUAGE
- Language code: spa
400 1# - SEE FROM TRACING--PERSONAL NAME
- Personal name: Pérez, María Leticia Rivermar
400 1# - SEE FROM TRACING--PERSONAL NAME
- Personal name: Rivermar Pérez, Ma. Leticia
- Fuller form of name: (María Leticia)
400 1# - SEE FROM TRACING--PERSONAL NAME
- Personal name: Rivermar, Leticia
400 1# - SEE FROM TRACING--PERSONAL NAME
- Personal name: Rivermar, María Leticia